Gesellschaftsspiele, Brettspiele & Kartenspiele nach Bildern - Statistiken

Allgemein
  • Dieses Quiz wurde 1.665 mal gespielt
  • Das Durchschnittsergebnis liegt bei 15 aus 20
Antwortstatistiken
Bildquiz Antwort % Korrekt
Monopoly
99%
Schach
99%
UNO
99%
Mensch ärgere dich nicht
97%
Domino
95%
Vier gewinnt
94%
Kniffel
90%
Memory
90%
Mühle
89%
Mikado
88%
Jenga
81%
Das verrückte Labyrinth
80%
Scrabble
77%
Spiel des Lebens
77%
Risiko
68%
Skat
63%
Mastermind
50%
Halma
46%
Trivial Pursuit
43%
Hotel
20%
Keine übereinstimmenden Quizze gefunden
Verteilung der Resultate
Anzahl Personen mit jedem Resultat
Perzentil nach korrekt beantworteten Fragen
Ihre Resultats-Entwicklung
Sie haben dieses Quiz noch nicht gespielt